| Tag |
First Indicator |
Second Indicator |
Subfields |
| LEADER |
00000cam a22000004a 4500 |
| 001 |
in00004514513 |
| 005 |
20190418084000.0 |
| 006 |
m d |
| 007 |
cr cn||||||||| |
| 008 |
040605s2001 enkabf ob 001 0 eng d |
| 020 |
|
|
|a 0851998925 (eISBN)
|
| 020 |
|
|
|a 9780851998923 (eISBN)
|
| 020 |
|
|
|z 0851993923 (alk. paper)
|
| 020 |
|
|
|z 9780851993928 (alk. paper)
|
| 035 |
|
|
|a (OCoLC)ocm55599859
|
| 035 |
|
|
|a (OCoLC)55599859
|
| 035 |
|
|
|z (UtOrBLW)52564
|
| 035 |
|
|
|a 73570
|
| 040 |
|
|
|a N$T
|b eng
|c N$T
|d OCLCQ
|d YDXCP
|d OCLCG
|d OCLCQ
|d CUV
|d IDEBK
|d UtOrBLW
|
| 049 |
|
|
|a TMVM
|
| 050 |
|
4 |
|a SD387.S87
|b C75 2001
|
| 060 |
|
4 |
|a SD 387.S87
|b C934 2001eb
|
| 082 |
0 |
4 |
|a 333.75
|2 22
|
| 245 |
0 |
0 |
|a Criteria and indicators for sustainable forest management /
|c edited by R. John Raison and Alan G. Brown and David W. Flinn.
|
| 264 |
|
1 |
|a Wallingford, UK ;
|a New York :
|b CABI Pub. in association with the International Union of Forestry Research Organizations,
|c [2001]
|
| 264 |
|
4 |
|c ©2001
|
| 300 |
|
|
|a 1 online resource (xiv, 462 pages, 2 unnumbered pages of plates) :
|b illustrations (some color), color map.
|
| 336 |
|
|
|a text
|b txt
|2 rdacontent
|
| 337 |
|
|
|a computer
|b c
|2 rdamedia
|
| 338 |
|
|
|a online resource
|b cr
|2 rdacarrier
|
| 490 |
1 |
|
|a IUFRO research series ;
|v 7
|
| 500 |
|
|
|a Description based on opening page (viewed Jan. 21, 2011).
|
| 504 |
|
|
|a Includes bibliographical references and index.
|
| 506 |
|
|
|a This title is restricted to authorized TAMU and TAMHSC users on authorized TAMU computers and via proxy.
|
| 500 |
|
|
|a Electronic resource.
|
| 650 |
|
0 |
|a Sustainable forestry.
|0 http://id.loc.gov/authorities/subjects/sh89002517
|
| 650 |
|
0 |
|a Forest management.
|0 http://id.loc.gov/authorities/subjects/sh85050603
|
| 650 |
|
2 |
|a Forestry.
|0 https://id.nlm.nih.gov/mesh/D016468
|
| 650 |
|
2 |
|a Conservation of Natural Resources.
|0 https://id.nlm.nih.gov/mesh/D003247
|
| 655 |
|
7 |
|a Ebooks.
|2 local
|
| 655 |
|
7 |
|a Electronic books.
|2 local
|
| 700 |
1 |
|
|a Raison, R. John
|q (Robert John)
|0 http://id.loc.gov/authorities/names/nb2002000045
|
| 700 |
1 |
|
|a Brown, A. G.
|q (Alan Gordon),
|d 1931-
|0 http://id.loc.gov/authorities/names/n82235618
|
| 700 |
1 |
|
|a Flinn, David W.
|0 http://id.loc.gov/authorities/names/n00016285
|
| 830 |
|
0 |
|a IUFRO research series ;
|v 7.
|0 http://id.loc.gov/authorities/names/n99253662
|
| 856 |
4 |
0 |
|u http://proxy.library.tamu.edu/login?url=http://dx.doi.org/10.1079/9780851993928.0000
|z Connect to the full text of this electronic book
|t 0
|
| 999 |
|
|
|a MARS
|
| 999 |
f |
f |
|s d5ba20c2-d6aa-3c73-9f80-b64f776648db
|i 69a3eae1-8f84-3487-9b0a-949cc03e5e54
|t 0
|
| 952 |
f |
f |
|a Texas A&M University
|b College Station
|c Electronic Resources
|d Available Online
|t 0
|e SD 387.S87 C934 2001eb
|h National Library of Medicine classification
|
| 998 |
f |
f |
|a SD 387.S87 C934 2001eb
|t 0
|l Available Online
|